Phương pháp giảng dạy địa lí Phần đại cương

Đã lưu trong:
Bibliografiske detaljer
Hovedforfatter: Nguyễn Dược (Chủ biên)
Andre forfattere: Mai Xuân San (tác giả)
Format: Bog
Udgivet: H. Giáo dục 1983
Serier:Sách đại học sư phạm
Fag:
Tags: Tilføj Tag
Ingen Tags, Vær først til at tagge denne postø!
Thư viện lưu trữ: Trung tâm Học liệu Lê Vũ Hùng, Trường Đại học Đồng Tháp
LEADER 00962pam a22002658a 4500
001 00022707
005 20171026081022.0
008 110601s1983 ||||||Viesd
041 0 # |a Vie 
082 1 4 |a 910.71  |b PH561PH 
100 0 # |a Nguyễn Dược  |e Chủ biên 
245 0 0 |a Phương pháp giảng dạy địa lí  |b Phần đại cương  |c Nguyễn Dược, Mai Xuân San 
260 # # |a H.  |b Giáo dục  |c 1983 
300 # # |a 191 tr.  |c 21 cm. 
490 # # |a Sách đại học sư phạm 
650 |a Phương pháp 
650 |a Địa lí 
653 # # |a Giảng dạy 
700 0 # |a Mai Xuân San  |e tác giả 
852 # # |b Kho giáo trình  |j KGT.0024481, KGT.0024482, KGT.0024483 
852 # # |b Kho mượn  |j KGT.0024481 
852 # # |b Kho đọc  |j KD.0009982 
852 # # |j KD.0009982  |j KGT.0024481  |j KGT.0024483 
910 0 # |a nhnam  |d 01/06/2011 
980 # # |a Trung tâm Học liệu Lê Vũ Hùng, Trường Đại học Đồng Tháp